000 00294nam a22001337a 4500
008 181023b xxu||||| |||| 00| 0 eng d
020 _a0977186903
041 _aeng
080 _a371
100 _a46
101 _aEDU
245 _aThe General College Vision
_cHigbee,J.L
942 _2udc
_cBK
999 _c50743
_d50743